000 01042nas a2200265Ia 4500
001 R020/B1048
003 IT-RoPAU
008 151124c99999999xx |||||||||||| ||und||
040 _aIT-RoPAU
040 _cIT-RoPAU
041 _aINGLESE
100 _aMeyer Mark-Paul
_gCodice Aut. SPICS: 36289
210 _aGRIFFITHIANA
222 _aGriffithiana
242 _aRESTAURI IN CORSO: L'ATTIVITA' DEL NETHERLANDS FILMMUSEUM
_nCod. Traduzione Titolo: B1055
_yITA
245 _aGRIFFITHIANA, ANNO 14-N.40/41/42 (OTTOBRE 1991)
_bRestorations In Progress: A Report From The Netherlands Filmmuseum
250 _a1a ed.
260 _aGEMONA (UDINE)
_bCINETECA DEL FRIULI
_c1991
501 _bPaulus - SPICS - Società San Paolo EM (non-commercial uses only)
_cCopyright2015
300 _a4 p. [87-90]
362 _aANNO 014, N.40/41/42 (OTTOBRE 1991)
500 _aRapporto Sul Lavoro del Museo Cinematografico Olandese a Proposito del Restauro Delle Pellicole Cinematografiche.
650 _aCINEMA
_vPUBBLICAZIONE PERIODICA
942 _cCR
999 _c134530
_d134530